Nghiên cứu bệnh nhiễm độc tố botulin của vi khuẩn Clostridium botulinum trên vịt tại một số tỉnh Đồng bằng sông Cửu Long : Luận án Tiến sĩ. Chuyên ngành Bệnh lý học và Chữa bệnh vật nuôi

Luận án “Nghiên cứu bệnh nhiễm độc tố botulin của vi khuẩn Clostridium botulinum trên vịt tại một số tỉnh Đồng bằng Sông Cửu Long” được thực hiện từ năm 2013 đến 2017, tại các tỉnh gồm An Giang, Kiên Giang, Hậu Giang và thành phố Cần Thơ (TP...

詳細記述

保存先:
書誌詳細
第一著者: Nguyễn, Thu Tâm
フォーマット: 図書
言語:Undetermined
出版事項: Cần Thơ Trường Đại học Cần Thơ 2021
主題:
タグ: タグ追加
タグなし, このレコードへの初めてのタグを付けませんか!
Thư viện lưu trữ: Trung tâm Học liệu Trường Đại học Cần Thơ
LEADER 01865nam a2200241Ia 4500
001 CTU_239977
008 210402s9999 xx 000 0 und d
082 |a 636.597089 
082 |b T120 
088 |a 9640102 
100 |a Nguyễn, Thu Tâm 
245 0 |a Nghiên cứu bệnh nhiễm độc tố botulin của vi khuẩn Clostridium botulinum trên vịt tại một số tỉnh Đồng bằng sông Cửu Long : 
245 0 |b Luận án Tiến sĩ. Chuyên ngành Bệnh lý học và Chữa bệnh vật nuôi 
245 0 |c Nguyễn Thu Tâm ; Nguyễn Đức Hiền (Cán bộ hướng dẫn) 
260 |a Cần Thơ 
260 |b Trường Đại học Cần Thơ 
260 |c 2021 
520 |a Luận án “Nghiên cứu bệnh nhiễm độc tố botulin của vi khuẩn Clostridium botulinum trên vịt tại một số tỉnh Đồng bằng Sông Cửu Long” được thực hiện từ năm 2013 đến 2017, tại các tỉnh gồm An Giang, Kiên Giang, Hậu Giang và thành phố Cần Thơ (TPCT) với mục tiêu chung là đánh giá tần suất lưu hành bệnh botulism trên đàn vịt chạy đồng của Đồng bằng sông Cửu Long; xác định sự hiện diện vi khuẩn C. botulinum cũng như type độc lực của botulin trên vịt bệnh và môi trường chăn nuôi; đồng thời đánh giá khả năng gây bệnh của các chủng C. botulinum phân lập được tại Đồng bằng sông Cửu Long (ĐBSCL). 
650 |a Gia cầm,Poultry 
650 |x Bệnh,Diseases 
910 |b tvtrong 
910 |c tvtrong,tvtrong 
980 |a Trung tâm Học liệu Trường Đại học Cần Thơ